| 000 | 00595nam a2200145Ia 4500 | ||
|---|---|---|---|
| 008 | 250103s2017 xx 000 0 und d | ||
| 020 | _a978-3-319-66002-8 | ||
| 022 | _a2194-8453 | ||
| 041 | _aeng | ||
| 100 | _aVíctor Hugo Chacón | ||
| 245 | _aThe Due Diligence in Maritime Transportation in the Technological Era | ||
| 260 |
_bSpringer International Publishing _c2017 |
||
| 440 | _vSpringer Series on Naval Architecture, Marine Engineering, Shipbuilding and Shipping | ||
| 856 |
_uhttps://link.springer.com/openurl?genre=book&isbn=978-3-319-66002-8 _zhttps://doi.org/10.1007/978-3-319-66002-8 |
||
| 999 |
_c12719 _d12719 |
||